000 00904cam a2200265 a 4500
999 _c3207
_d3207
001 17557787
003 GBCCL
005 20241126110449.0
008 121210r20121992miu 001 0 eng
010 _a 2012462620
020 _a9781572937710
040 _aDLC
_cDLC
_dDLC
042 _apcc
050 0 0 _aBV4811
_b.C455 2012
082 0 0 _a242.2
_223
_bCHA
100 1 _aChambers, Oswald,
_d1874-1917.
_96630
245 1 0 _aMy utmost for His Highest :
_ban updated edition in today's language : the golden book of Oswald Chambers /
_cedited by James Reimann.
260 3 _aGrand Rapids, Mich. :
_bDiscovery House Publishers,
_cc1992
_g(2012 printing)
300 _a1 v. (unpaged)
_c18 cm.
650 0 _aDevotional calendars.
_91878
740 0 _aMy utmost for His Highest.
906 _a7
_bcbc
_corignew
_d2
_encip
_f20
_gy-gencatlg
942 _2ddc
_cBK